Материаловедение. Словарь терминов и определений на русском, английском и китайском языках: учебное пособие

Bibliographische Detailangaben
1. Verfasser: Мельников А. Г. Александр Григорьевич
Körperschaft: Национальный исследовательский Томский политехнический университет (ТПУ) Институт физики высоких технологий (ИФВТ) Кафедра материаловедения и технологии металлов (МТМ)
Weitere Verfasser: Ху Вэньсяо, Лю Битао
Zusammenfassung:Заглавие с титульного экрана
Терминологический словарь содержит около 200 словарных статей по терминам, определениям, символическим определениям, используемым в материаловедении, с пояснениями на русском, английском и китайском языках. Предназначено для студентов машиностроительного профиля, изучающих дисциплину «Материаловедение». Также может быть полезно специалистам и преподавателям, участвующим в подготовке иностранных студентов.
Режим доступа: из корпоративной сети ТПУ
Sprache:Russisch
Englisch
Chinesisch
Veröffentlicht: Томск, Изд-во ТПУ, 2016
Schlagworte:
Online-Zugang:http://www.lib.tpu.ru/fulltext2/m/2016/m093.pdf
Format: Elektronisch Buch
KOHA link:https://koha.lib.tpu.ru/cgi-bin/koha/opac-detail.pl?biblionumber=322401

MARC

LEADER 00000nlm0a2200000 4500
001 322401
005 20240110130029.0
035 |a (RuTPU)RU\TPU\book\347960 
090 |a 322401 
100 |a 20160926d2016 m y0rusy50 ca 
101 0 |a rus  |a eng  |a chi 
102 |a RU 
105 |a a ej 001zy 
135 |a drcn ---uucaa 
181 0 |a i  
182 0 |a b 
200 1 |a Материаловедение. Словарь терминов и определений на русском, английском и китайском языках  |e учебное пособие  |f А. Г. Мельников, Ху Вэньсяо, Лю Битао  |g Национальный исследовательский Томский политехнический университет (ТПУ) 
203 |a Текст  |c электронный 
210 |a Томск  |c Изд-во ТПУ  |d 2016 
300 |a Заглавие с титульного экрана 
330 |a Терминологический словарь содержит около 200 словарных статей по терминам, определениям, символическим определениям, используемым в материаловедении, с пояснениями на русском, английском и китайском языках. Предназначено для студентов машиностроительного профиля, изучающих дисциплину «Материаловедение». Также может быть полезно специалистам и преподавателям, участвующим в подготовке иностранных студентов. 
333 |a Режим доступа: из корпоративной сети ТПУ 
452 1 |0 (RuTPU)RU\TPU\book\352900  |y 978-5-4387-0679-3  |t Материаловедение. Словарь терминов и определений на русском, английском и китайском языках  |o учебное пособие  |f А. Г. Мельников, Ху Вэньсяо, Лю Битао  |g Национальный исследовательский Томский политехнический университет (ТПУ)  |c Томск  |n Изд-во ТПУ  |d 2016  |p 62 с.  |a Мельников, Александр Григорьевич 
606 1 |a Материаловедение  |2 stltpush  |3 (RuTPU)RU\TPU\subj\41248  |9 61053 
606 1 |a Многоязычные словари  |2 stltpush  |3 (RuTPU)RU\TPU\subj\44177  |9 63548 
610 1 |a электронный ресурс 
610 1 |a труды учёных ТПУ 
610 1 |a учебные пособия 
610 1 |a материаловедение 
610 1 |a словари 
610 1 |a термины 
610 1 |a определения 
610 1 |a английский язык 
610 1 |a китайский язык 
675 |a 620.22(075.8)(038)  |v 3 
686 |a Ш12-4  |2 rubbk 
700 1 |a Мельников  |b А. Г.  |c российский государственный и политический деятель  |c глава г. Северск 1963-1966  |c глава Томской области 1963-1966  |f 1930-2011  |g Александр Григорьевич  |3 (RuTPU)RU\TPU\pers\26546 
701 0 |a Ху Вэньсяо 
701 0 |a Лю Битао 
712 0 2 |a Национальный исследовательский Томский политехнический университет (ТПУ)  |b Институт физики высоких технологий (ИФВТ)  |b Кафедра материаловедения и технологии металлов (МТМ)  |3 (RuTPU)RU\TPU\col\18689 
801 1 |a RU  |b 63413507  |c 20121215 
801 2 |a RU  |b 63413507  |c 20170207  |g RCR 
856 4 |u http://www.lib.tpu.ru/fulltext2/m/2016/m093.pdf 
942 |c CF